000 00722cam a22002533a 4500
001
003 DO-SdBNP
005 20220428102135.0
008 940817s1994 nyu d 000 1 eng d
020 _a9780380752131
040 _aBPMSU
_bspa
_cBPMSU
_d
082 _a813
_bB976l 1994
_222
100 1 _aBusbee, Shirlee.
245 1 0 _aLove a dark rider /
_cShirlee Busbee.
260 _aNew York :
_bAvon Books,
_c1994.
300 _a425 p. ;
_c22 cm.
590 _6Inventariado, 2022/VM
650 4 _a Novela estadounidense.
650 4 _aHistoria de amor
655 7 _aHistorical fiction.
_2gsafd
710 2 _aCopyright Paperback Collection (Library of Congress)
_5DLC
910 _aVMateo V.
942 _2ddc
_cBK
999 _c14170
_d14170